O corpo do bebé (Record no. 45138)

MARC details
000 -Etiqueta do registo
Valores 00576cam a2200229 4500
010 ## - Número ISBN
ISBN 9724711188
021 ## - Número do Depósito Legal
Número 117609/97
100 ## - Dados gerais de processamento
Dados gerais 19981109d1998 m y0pory5003 ba
101 1# - Língua de publicação
Língua por
102 ## - País de publicação
País PT
200 1# - Titulo e menção de responsabilidade
Título próprio O corpo do bebé
Primeira menção de responsabilidade Roger Priddy
Outras menções de responsabilidade il. Lisa Flather
205 ## - Menção da edição
Edição 1.ª ed.
210 #9 - Publicação
Local de publicação Cacém
Nome do editor Texto,
Data de publicação 1998
215 ## - Descrição física 
Paginação / Volumes [20] p.
Outras indicações físicas il.
Dimensões 29 cm
304 ## - Nota relativa ao título
Texto de nota Tít. orig.: Baby's book of the body
675 ## - CDU
Notação 087.5
Edição BN
Língua por
700 #1 - Autor principal
Apelido Priddy,
Nome Roger
702 #1 - Autor secundário
Apelido Flather,
Nome Lisa
Função 440
801 #0 - Fonte de origem
País PT
Agência BN
Regras de catalogação RPC
990 ## - Elementos KOHA
Tipo de documento Livro
Holdings
Aquisição Empréstimo Código de barras Cota Permissão de empréstimo Tipo de documento
Biblioteca do Centro Escolar de Montoito Biblioteca do Centro Escolar de Montoito 81313 087.5 PRI OB. P/A CR.S e JOV.S   Livro

Powered by Koha